00737nam a22001937a 4500003000200000005001700002008004100019020002200060050002300082245018800105250001900293260003300312300004800345504002000393650002700413650003700440650003500477650003100512020250917150031.0250917b xxu||||| |||| 00| 0 eng d a978-0-357-92988-9 aHF 1017b.M63 2025 aModern business statistics with microsoft excel /cJeffrey D. Camm, James J. Cochran, Michael J. Fry, Jeffrey W. Ohlmann, David R. Anderson, Dennis J. Sweeney, and Thomas A. Williams. aEight edition. aMason, OH :bCengage,c2025. axxvi, 1062 pages :billustrations ;c28 cm. aIncludes index. aCommercial statistics. aMicrosoft Excel (Computer file). aBusinessxStatistical methods. aBusinessxData processing.